BATTLE STUDIES ANCEINT AND MODERN BATTLE (Record no. 582226)
[ view plain ]
| 000 -LEADER | |
|---|---|
| fixed length control field | 00275nam a22001097a 4500 |
| 082 ## - DEWEY DECIMAL CLASSIFICATION NUMBER | |
| Classification number | 355.4 ARD'B |
| 100 ## - MAIN ENTRY--PERSONAL NAME | |
| Personal name | ARDENT DU PICO, COLONEL |
| 9 (RLIN) | 76920 |
| 245 ## - TITLE STATEMENT | |
| Title | BATTLE STUDIES ANCEINT AND MODERN BATTLE |
| 260 ## - PUBLICATION, DISTRIBUTION, ETC. | |
| Place of publication, distribution, etc. | PENNSYLVANIA |
| Name of publisher, distributor, etc. | STACKPOLE |
| Date of publication, distribution, etc. | 1958 |
| 300 ## - PHYSICAL DESCRIPTION | |
| Extent | 273P |
| 942 ## - ADDED ENTRY ELEMENTS (KOHA) | |
| Koha item type | Book |
| Withdrawn status | Lost status | Damaged status | Not for loan | Permanent Location | Current Location | Shelving location | Date acquired | Total Checkouts | Full call number | Barcode | Date last seen | Price effective from | Koha item type |
|---|---|---|---|---|---|---|---|---|---|---|---|---|---|
| College of Electrical & Mechanical Engineering (CEME) | College of Electrical & Mechanical Engineering (CEME) | General Stacks | 06/02/2017 | 355.4 ARD'B | CEME-10665 | 06/28/2021 | 06/28/2021 | Book |
